| 000 | 01583cam a22003254a 4500 | ||
|---|---|---|---|
| 001 | 12346022 | ||
| 005 | 20070514125225.0 | ||
| 008 | 010313s2001 enk b 001 0 eng | ||
| 010 | _a 2001021590 | ||
| 020 | _a019878225X | ||
| 040 |
_aDLC _cDLC _dDLC |
||
| 042 | _apcc | ||
| 043 | _ae------ | ||
| 050 | 0 | 0 |
_aJN30 _b.G46 2001 |
| 082 | 0 | 0 |
_a341.2422 _221 _bGEO |
| 100 | 1 |
_aGeorge, Stephen. _98213 |
|
| 245 | 1 | 0 |
_aPolitics in the European Union / _cStephen George, Ian Bache. |
| 260 |
_aOxford [UK] : _bOxford University Press, _cc2001. |
||
| 300 |
_axxv, 449 p.: _c25 cm. |
||
| 504 | _aIncludes bibliographical references and index. | ||
| 610 | 2 | 0 |
_aEuropean Union. _98214 |
| 650 | 0 |
_aEuropean federation. _98215 |
|
| 700 | 1 |
_aBache, Ian. _98216 |
|
| 856 | 4 | 1 |
_3Table of contents only _uhttp://www.loc.gov/catdir/enhancements/fy0612/2001021590-t.html |
| 856 | 4 | 2 |
_3Publisher description _uhttp://www.loc.gov/catdir/enhancements/fy0612/2001021590-d.html |
| 856 | 4 | 2 |
_3Contributor biographical information _uhttp://www.loc.gov/catdir/enhancements/fy0723/2001021590-b.html |
| 942 |
_2ddc _cBB |
||
| 999 |
_c12454 _d12454 |
||